| 000 | 02414nam0a2200433 4500 | ||
|---|---|---|---|
| 001 | RU\NLR\bibl\610565 | ||
| 005 | 20260407054758.0 | ||
| 010 |
_a5-89598-140-2 _9300 |
||
| 021 |
_aRU _b2004-43234 _92147 |
||
| 035 | _aRSL-KNO-002454446 | ||
| 035 | _a(NLR Aleph) 000602464 | ||
| 090 |
_a5152 _c5152 |
||
| 100 | _a20040722d2004 |||y0rusy50 ca | ||
| 101 | 0 | _arus | |
| 102 | _aRU | ||
| 105 | _ay ||||||||| | ||
| 106 | _ar | ||
| 200 | 1 |
_aДревнерусские церковные рукописи в Национальной библиотеке Варшавы _eкаталог _fМоск. гос. консерватория им. П.И. Чайковского, Науч. музык. б-ка им. С. И. Танеева, Отд. редких изд. и рукоп. _g[сост. Г.М. Малинина] |
|
| 210 |
_aМ. _cМГК _d2004 _eТип. Россельхозакадемии |
||
| 215 |
_a182,[2] с. _d20 |
||
| 320 | _aБиблиогр. в подстроч. прим. | ||
| 320 | _aИмен. указ.: с. 173-177 | ||
| 320 | _aГеогр. указ.: с. 178-182 | ||
| 601 | 0 | 2 |
_aНациональная библиотека _cВаршава, город; Польша _jКаталоги _92245424 _3RU\NLR\auth\661347128 |
| 606 | 0 |
_aМузыкальные рукописи древнерусские _jКаталоги _2nlr_sh |
|
| 610 | 0 | _aИскусство. Искусствознание -- Музыка -- История музыки -- Российская Федерация -- Древнерусская музыкальная культура -- Древнерусское церковное пение -- Музыкальная библиография -- Нотография | |
| 686 |
_aЩ313(2Р=Р)3-44я179Н _2rubbk |
||
| 686 | _aЩ313(2Р=Рус)3-489 | ||
| 686 | _aЯ181(4П)21 | ||
| 702 | 1 |
_aМалинина _bГ. М. _4220 |
|
| 712 | 0 | 2 |
_4570 _aМосковская государственная консерватория им. П. И. Чайковского _bНаучная библиотека _3RU\NLR\AUTH\8810025159 _9548580 |
| 712 | 0 | 2 |
_4570 _aНациональная библиотека _cВаршава _3RU\NLR\AUTH\88666 _9272103 |
| 801 | 0 |
_aRU _bRuMoRKP _c20040722 _grcr |
|
| 801 | 1 |
_aRU _bRuMoRGB _c20040722 |
|
| 801 | 2 |
_aRU _bNLR _c20050216 _gPSBO |
|
| 942 | _cBOOK | ||
| 980 | _aNB | ||